• 首页
  • 本馆介绍
  • 公告通知
  • 最新文献
  • 馆藏检索
  • 电子资源
  • 读者荐购
  • 参考咨询
  • CALIS
  • 我的图书馆
  • 登录
  • 详细信息显示
  • 放入我的书架
  • 预约/预借图书
  • 作者相关作品
  • 分类相关作品
  • 丛书相关作品
  • 出版社相关作品

书目信息

  • 表格格式
  • 工作单格式
  • 卡片格式
题名:
学术人
    
 
作者: 布尔迪厄 著 ;王睿琦 , 钟牧辰 译
分册:  
出版信息: 上海   上海文艺出版社  2024.11
页数: 361页
开本: 22cm
丛书名: 拜德雅·人文丛书
单 册:
中图分类: D756.561
科图分类:
主题词: 知识分子--研究--法国--现代
电子资源:
ISBN: 978-7-5321-9107-9
 
 
 
 
 
000 01186nam0 2200301 450
001 013217239
005 20251022164938.81
010    @a978-7-5321-9107-9@dCNY78.00
100    @a20241101d2024 em y0chiy0120 ea
101 1  @achi@cfre
102    @aCN@b310000
105    @ay z 001yy
106    @ar
200 1  @a学术人@9xue shu ren@f(法)皮埃尔·布迪厄(Pierre Bourdieu)著@g王睿琦,钟牧辰译
210    @a上海@c上海文艺出版社@d2024.11
215    @a361页@d22cm
225 1  @a拜德雅·人文丛书@f蓝江主编
300    @a艺文志
330    @a本书通过分析和解释收集于1968年法国学术界剧变时期的经验资料,深刻揭示了学术界内部的结构和运作机制,及其对学术研究和学术人职业生涯的影响,为我们理解学术界的内在逻辑和矛盾,甚至更广泛的社会结构和文化现象提供了重要的视角和工具,更是透视法国学院体制和法国学术史的重要途径。
461  0 @12001 @a拜德雅·人文丛书
510 1  @aHomo academicus@zfre
606 0  @a知识分子@x研究@y法国@z现代
690    @aD756.561@v5
701  0 @c(法)@a布尔迪厄@9bu er di e@c(Bourdieu, Pierre@f1930~2002)@4著
702  0 @a王睿琦@9wang rui qi@4译
702  0 @a钟牧辰@9zhong mu chen@4译
801  0 @aCN@c20250910
905    @a河南城建学院图书馆@dD756@eB980@ZB980@f1
    
    学术人/(法)皮埃尔·布迪厄(Pierre Bourdieu)著/王睿琦,钟牧辰译.-上海:上海文艺出版社,2024.11
    361页;22cm.-(拜德雅·人文丛书/蓝江主编)
    艺文志
    
    ISBN 978-7-5321-9107-9:CNY78.00
    本书通过分析和解释收集于1968年法国学术界剧变时期的经验资料,深刻揭示了学术界内部的结构和运作机制,及其对学术研究和学术人职业生涯的影响,为我们理解学术界的内在逻辑和矛盾,甚至更广泛的社会结构和文化现象提供了重要的视角和工具,更是透视法国学院体制和法国学术史的重要途径。
●
相关链接 在E读中查询图书 在当当中查询图书 在豆瓣中查询图书


正题名:学术人     索取号:D756/B980         预约/预借

序号 登录号 条形码 馆藏地/架位号 状态 备注
1 1633963   216339638   社科库509/509社科库 78排1列3层/ [索取号:D756/B980] 在馆    
河南城建学院图书馆 欢迎您!
大连网信软件有限公司© 版权所有